Didáctica de las matemáticas

Salvato in:
Dettagli Bibliografici
Autore principale: Roanes Macias, Eugenio (Autore)
Natura: Libro
Lingua:spagnolo
Pubblicazione: Madrid Anaya 1983
Soggetti:
Tags: Aggiungi Tag
Nessun Tag, puoi essere il primo ad aggiungerne!!

MARC

LEADER 00000nam a2200000 a 4500
001 UCY4120
003 CL-VaPUC
008 950228e19830000SP |||||||||||||||||spa|d
082 0 4 |a 510.7  |b ROA  |2 21 
100 0 |a Roanes Macias, Eugenio  |e author  |9 332551 
245 1 0 |a Didáctica de las matemáticas 
300 |a 631 p 
942 |c BK 
945 |d 19950228 00:00:00  |a mfernand 
260 |a Madrid  |b Anaya  |c 1983 
650 0 |a Matemática  |9 260235 
650 0 |a Enseñanza  |9 256457 
583 |a last modification  |c 19950228 00:00:00  |k Rodrigo Vera 
999 |c 232083  |d 232081 
952 |0 0  |1 0  |4 0  |6 510_700000000000000_ROA_1983  |7 0  |8 P  |9 236104  |a BIBEDU  |b BIBEDU  |c BIBEDU_PB  |d 2019-11-15  |i 1530399  |o 510.7 ROA 1983  |p 1530399  |r 2024-01-25  |w 2019-11-15  |y BK  |k EDU